Control estadístico de calidad
Salvato in:
| Autori principali: | , |
|---|---|
| Natura: | Libro |
| Lingua: | spagnolo |
| Pubblicazione: |
Ciudad de México
Continental
1977
|
| Soggetti: | |
| Tags: |
Aggiungi Tag
Nessun Tag, puoi essere il primo ad aggiungerne!!
|
MARC
| LEADER | 00000nam a2200000 a 4500 | ||
|---|---|---|---|
| 001 | UCU6810 | ||
| 003 | CL-VaPUC | ||
| 008 | 960621e19770000MX |||||||||||||||||spa|d | ||
| 082 | 0 | 4 | |a 658.562 |b GRA |2 21 |
| 100 | |a Grant, Eugene Lodewick |e author |9 452436 | ||
| 700 | 0 | |a Leavenworth, Richard S |e author |9 365216 | |
| 245 | 1 | 0 | |a Control estadístico de calidad |
| 300 | |a 708 p | ||
| 942 | |c BK | ||
| 945 | |d 19960621 00:00:00 |a paguirre | ||
| 260 | |a Ciudad de México |b Continental |c 1977 | ||
| 650 | 0 | |a Control de calidad |9 259714 | |
| 650 | 0 | |a Análisis estadístico |9 269506 | |
| 650 | 7 | |a CONTROL ESTADISTICO DE CALIDAD |2 CL-VaPUC |9 360993 | |
| 650 | 7 | |a DISTRIBUCIONES ESTADISTICAS |2 CL-VaPUC |9 339648 | |
| 583 | |a last modification |c 19960621 00:00:00 |k Rodrigo Vera | ||
| 999 | |c 249617 |d 249615 | ||
| 952 | |0 0 |1 0 |4 0 |6 658_562000000000000_GRA_1977 |7 0 |8 A |9 266949 |a BIBING |b BIBING |d 2019-11-19 |i 1691732 |o 658.562 GRA 1977 |p 1691732 |r 2023-03-02 |w 2019-11-19 |y BK |k EII | ||
| 952 | |0 0 |1 0 |4 0 |6 658_562000000000000_GRA_1977 |7 0 |8 A |9 266950 |a BIBALI |b BIBALI |c RES |d 2019-11-19 |i 1963589 |o 658.562 GRA 1977 |p 1963589 |r 2025-01-20 |w 2019-11-19 |y BK_R |k ALI | ||
| 952 | |0 0 |1 0 |4 0 |6 658_562000000000000_GRA_1977 |7 0 |8 A |9 266951 |a BIBMAT |b BIBMAT |d 2019-11-19 |i 1494015 |o 658.562 GRA 1977 |p 1494015 |r 2025-01-07 |w 2019-11-19 |y BK |k MAT | ||
| 952 | |0 0 |1 0 |4 0 |6 658_562000000000000_GRA_1977 |7 0 |8 A |9 266952 |a BIBMAT |b BIBMAT |d 2019-11-19 |i 1494066 |o 658.562 GRA 1977 |p 1494066 |r 2025-01-07 |w 2019-11-19 |y BK |k MAT | ||
| 952 | |0 0 |1 0 |4 0 |6 658_562000000000000_GRA_1977 |7 0 |8 A |9 266953 |a BIBMEC |b BIBMEC |d 2019-11-19 |i 1329634 |o 658.562 GRA 1977 |p 1329634 |r 2024-01-19 |w 2019-11-19 |y BK |k MEC | ||